О производительности колонковых сверл; Известия Томского политехнического института [Известия ТПИ]; Т. 146 : Механика и машиностроение

Dades bibliogràfiques
Parent link:Известия Томского политехнического института [Известия ТПИ]/ Томский политехнический институт (ТПИ).— , 1944-1976
Т. 146 : Механика и машиностроение.— 1966.— [С. 110-116]
Autor principal: Дворников Л. Т.
Sumari:Заглавие с титульного листа
Электронная версия печатной публикации
Idioma:rus
Publicat: 1966
Matèries:
Accés en línia:Черно-белая версия для предварительного просмотра
Цветная версия без потери качества
Format: MixedMaterials Electrònic Capítol de llibre
KOHA link:https://koha.lib.tpu.ru/cgi-bin/koha/opac-detail.pl?biblionumber=206930

MARC

LEADER 00000nla2a2200000 4500
001 206930
005 20231031190853.0
035 |a (RuTPU)RU\TPU\book\225662 
035 |a RU\TPU\book\225661 
090 |a 206930 
100 |a 20120118d1966 k y0rusy50 ca 
101 0 |a rus 
102 |a RU 
135 |a drnn ---uucaa 
181 0 |a i  
182 0 |a b 
200 1 |a О производительности колонковых сверл  |b Электронный ресурс  |f Л. Т. Дворников 
203 |a Текст  |c электронный 
215 |a 2 файла (296 Кб, 9.6 Мб) 
230 |a Электронные текстовые данные (2 файла : 296 Кб, 9.6 Мб) 
300 |a Заглавие с титульного листа 
300 |a Электронная версия печатной публикации 
320 |a [Библиогр.: с. 116 (8 назв.)] 
337 |a Adobe Reader 
461 1 |0 (RuTPU)RU\TPU\book\200995  |t Известия Томского политехнического института [Известия ТПИ]  |f Томский политехнический институт (ТПИ)  |d 1944-1976 
463 1 |0 (RuTPU)RU\TPU\book\225615  |t Т. 146 : Механика и машиностроение  |v [С. 110-116]  |d 1966  |p 144 с. 
610 1 |a электронный ресурс 
610 1 |a труды учёных ТПУ 
700 1 |a Дворников  |b Л. Т. 
801 1 |a RU  |b 63413507  |c 20090320  |g PSBO 
801 2 |a RU  |b 63413507  |c 20120402  |g PSBO 
856 4 |u http://www.lib.tpu.ru/fulltext/v/Bulletin_TPU/1966/v146/16_bw.pdf  |z Черно-белая версия для предварительного просмотра 
856 4 |u http://www.lib.tpu.ru/fulltext/v/Bulletin_TPU/1966/v146/16_full.pdf  |z Цветная версия без потери качества 
942 |c CF